Part B: building a code for sustainability (Record no. 75566)

MARC details
000 -LEADER
fixed length control field 01353cab a2200193 4500
001 - CONTROL NUMBER
control field L130340
008 - FIXED-LENGTH DATA ELEMENTS--GENERAL INFORMATION
fixed length control field 050718n2005 000 0 eng u
035 ## - SYSTEM CONTROL NUMBER
System control number (Sirsi) u130340
041 ## - LANGUAGE CODE
Language code of text/sound track or separate title eng
100 ## - MAIN ENTRY--PERSONAL NAME
Personal name Bason, Nick
245 ## - TITLE STATEMENT
Title Part B: building a code for sustainability
260 ## - PUBLICATION, DISTRIBUTION, ETC.
Date of publication, distribution, etc. 2005
490 ## - SERIES STATEMENT
Series statement Building Engineer
Volume/sequential designation 80(7) July 2005, 14-15(2)
520 ## - SUMMARY, ETC.
Summary, etc. Discusses the forthcoming consultation on the revised Approved Document B on the fire resilience of buildings in relation to a study carried out by Ove Arup for the Association of British Insurers. The study mapped each part of the regulations to establish their intersections and to look at their impact beyond improving the UK building stock. Looks at the interrelation between cost effectiveness, sustainablity and social, economic and environmental benefits. Concludes that improvements to Part B will affect virtually all other aspects of the Regulations and that the wider impacts of hazards such as fire and flooding and the interrelationships between the different parts of the Regulations need to be understood for cost effective improvements can be made to the performance of buildings.
590 ## - LOCAL NOTE (RLIN)
Local note IKA190705
650 ## - SUBJECT ADDED ENTRY--TOPICAL TERM
Topical term or geographic name entry element BUILDING REGULATIONS 2000 APPROVED DOCUMENT B (2002 EDITION)
690 ## - LOCAL SUBJECT ADDED ENTRY--TOPICAL TERM (OCLC, RLIN)
Topical term or geographic name as entry element BUILT ENVIRONMENT-BUILDING STANDARDS-FIRE REGULATIONS
942 ## - ADDED ENTRY ELEMENTS (KOHA)
Suppress in OPAC 0
Holdings
Withdrawn status Lost status Source of classification or shelving scheme Damaged status Not for loan Home library Current library Shelving location Date acquired Total Checkouts Full call number Barcode Date last seen Copy number Price effective from Koha item type
    Dewey Decimal Classification     London London Journal article 18/07/2005   L130340 130340-1001 06/08/2019 1 06/08/2019 Journal article